000 00406nam a2200169Ia 4500
008 230524s9999 xx 000 0 und d
020 _a9780198083521
082 _bDUG
100 _aS.K.Duggal
245 0 _aEarthquake-Resistant Design of Structures
250 _a1
260 _aNew Delhi
_bOxford
_c2014
300 _a"XVI,506p;"
500 _aQuantity Number: 1
650 _aCivil
942 _cBK
999 _c57644
_d57644